[Event "Eurasia Open Cup 2019"]
[Site "Ekaterinburg"]
[Date "2019.08.03"]
[Round "4.43"]
[White "Hamitevici, Vladimir"]
[Black "Gabdrakhmanov, Azat"]
[Result "0-1"]
[WhiteElo "2480"]
[BlackElo "2111"]
[Annotator "ChessBase"]
[PlyCount "96"]
[EventDate "2019.07.31"]
[EventType "swiss"]
[EventCountry "RUS"]
[SourceTitle "playchess.com"]
[Source "ChessBase"]
[SourceQuality "1"]
[TimeControl "5400+30"]

1. d4 {[%emt 0:00:00]} Nf6 {[%emt 0:00:00]} 2. c4 {[%emt 0:00:00]} g6 {[%emt 0:00:00]} 3. Nc3 {[%emt 0:00:36]} Bg7 {[%emt 0:00:00]} 4. e4 {[%emt 0:00:35]} d6 {[%emt 0:00:00]} 5. f3 {[%emt 0:01:00]} O-O {[%emt 0:00:04]} 6. Be3 {[%emt 0:00:06]} a6 {[%emt 0:00:10]} 7. Nge2 {[%emt 0:00:50]} c6 {[%emt 0:00:16]} 8. Qd2 {[%emt 0:16:00]} b5 {[%emt 0:00:15]} 9. b3 {[%emt 0:01:01]} Nbd7 {[%emt 0:00:45]} 10. Rd1 {[%emt 0:07:16]} Qa5 {[%emt 0:02:28]} 11. Nc1 {[%emt 0:13:59]} Bb7 {[%emt 0:08:32]} 12. Nb1 {[%emt 0:11:42]} Qc7 {[%emt 0:03:22]} 13. Nd3 {[%emt 0:02:27]} Nb6 {[%emt 0:03:30]} 14. c5 {[%emt 0:02:08]} Nbd7 {[%emt 0:00:20]} 15. cxd6 {[%emt 0:12:32]} exd6 {[%emt 0:00:05]} 16. Rc1 {[%emt 0:00:24]} Qd8 {[%emt 0:04:01]} 17. Be2 {[%emt 0:02:11]} Re8 {[%emt 0:01:35]} 18. O-O {[%emt 0:02:24]} Qe7 {[%emt 0:02:16]} 19. Rfe1 {[%emt 0:01:56]} Rac8 {[%emt 0:01:07]} 20. b4 {[%emt 0:02:26]} Nb6 {[%emt 0:01:47]} 21. Na3 {[%emt 0:00:34]} Nfd7 {[%emt 0:00:49]} 22. Bf1 {[%emt 0:01:12]} Qf8 {[%emt 0:02:48]} 23. g4 {[%emt 0:02:23]} Na4 {[%emt 0:04:49]} 24. Nf2 {[%emt 0:07:06]} c5 {[%emt 0:02:59]} 25. Nc2 {[%emt 0:02:08]} c4 {[%emt 0:00:37]} 26. Bg2 {[%emt 0:01:12]} Ndb6 {[%emt 0:01:17]} 27. Bf4 {[%emt 0:01:21]} c3 {[%emt 0:01:12]} 28. Qe2 {[%emt 0:00:04]} Nd5 {[%emt 0:00:31]} 29. Bg3 {[%emt 0:00:32]} Bh6 {[%emt 0:00:36]} 30. Rb1 {[%emt 0:00:18]} Nf4 {[%emt 0:01:29]} 31. Qf1 {[%emt 0:00:09]} Nb6 {[%emt 0:00:54]} 32. Nd3 {[%emt 0:02:22]} Nxg2 {[%emt 0:00:09]} 33. Qxg2 {[%emt 0:00:14]} Nc4 {[%emt 0:00:05]} 34. h4 {[%emt 0:00:51]} Bd2 {[%emt 0:02:21]} 35. Re2 {[%emt 0:00:05]} Qg7 {[%emt 0:00:04]} 36. Bf4 {[%emt 0:00:55]} Na3 {[%emt 0:01:04]} 37. Rxd2 {[%emt 0:00:36]} cxd2 {[%emt 0:00:35]} 38. Nxa3 {[%emt 0:00:05]} Rc3 {[%emt 0:00:36]} 39. Nf2 {[%emt 0:01:07]} Rxa3 {[%emt 0:00:02]} 40. Bxd2 {[%emt 0:00:03]} Qxd4 {[%emt 0:02:32]} 41. Bh6 {[%emt 0:00:04]} Rxa2 {[%emt 0:00:27]} 42. Rd1 {[%emt 0:00:09]} Qxd1+ {[%emt 0:00:40]} 43. Nxd1 {[%emt 0:00:00]} Rxg2+ {[%emt 0:00:13]} 44. Kxg2 {[%emt 0:00:14]} d5 {[%emt 0:00:00]} 45. exd5 {[%emt 0:00:04]} Bxd5 {[%emt 0:00:49]} 46. Kf2 {[%emt 0:00:14]} f6 {[%emt 0:00:00]} 47. Be3 {[%emt 0:00:15]} Rc8 {[%emt 0:00:44]} 48. Bd2 {[%emt 0:00:39]} Rc2 {[%emt 0:01:31]} 0-1

[Event "Eurasia Open Cup 2019"]
[Site "Ekaterinburg"]
[Date "2019.08.03"]
[Round "4.44"]
[White "Dilmukhametov, Artur"]
[Black "Mukhina, Jana"]
[Result "1-0"]
[WhiteElo "2346"]
[BlackElo "2090"]
[Annotator "NA"]
[PlyCount "107"]
[EventDate "2019.07.31"]
[EventType "swiss"]
[EventCountry "RUS"]
[SourceTitle "playchess.com"]
[Source "ChessBase"]
[SourceQuality "1"]
[TimeControl "5400+30"]

1. c4 {[%emt 0:00:00]} Nf6 {[%emt 0:00:00]} 2. Nc3 {[%emt 0:00:00]} g6 {[%emt 0:00:00]} 3. g3 {[%emt 0:00:31]} Bg7 {[%emt 0:00:00]} 4. Bg2 {[%emt 0:00:05]} O-O {[%emt 0:00:00]} 5. e3 {[%emt 0:00:35]} e5 {[%emt 0:02:19]} 6. Nge2 {[%emt 0:01:20]} Re8 {[%emt 0:12:08]} 7. d3 {[%emt 0:01:31]} Nc6 {[%emt 0:03:42]} 8. O-O {[%emt 0:00:30]} d6 {[%emt 0:00:36]} 9. a3 {[%emt 0:00:35]} Be6 {[%emt 0:03:07]} 10. Qc2 {[%emt 0:11:25]} Qd7 {[%emt 0:10:26]} 11. b3 {[%emt 0:08:18]} Bh3 {[%emt 0:07:06]} 12. Bb2 {[%emt 0:01:16]} h5 {[%emt 0:02:27]} 13. Nd5 {[%emt 0:09:03]} Nxd5 {[%emt 0:06:43]} 14. cxd5 {[%emt 0:00:54]} Bxg2 {[%emt 0:00:10]} 15. Kxg2 {[%emt 0:00:05]} Ne7 {[%emt 0:00:15]} 16. e4 {[%emt 0:10:04]} c6 {[%emt 0:00:14]} 17. dxc6 {[%emt 0:00:20]} Qxc6 {[%emt 0:01:19]} 18. Rac1 {[%emt 0:01:32]} Qxc2 {[%emt 0:02:47]} 19. Rxc2 {[%emt 0:00:04]} Rac8 {[%emt 0:00:44]} 20. Rfc1 {[%emt 0:03:02]} Rxc2 {[%emt 0:03:13]} 21. Rxc2 {[%emt 0:00:00]} Rc8 {[%emt 0:02:10]} 22. Rxc8+ {[%emt 0:01:47]} Nxc8 {[%emt 0:00:00]} 23. d4 {[%emt 0:00:48]} Nb6 {[%emt 0:03:30]} 24. f4 {[%emt 0:04:05]} f6 {[%emt 0:01:35]} 25. Nc1 {[%emt 0:11:03]} Kf7 {[%emt 0:04:16]} 26. Nd3 {[%emt 0:01:00]} Nd7 {[%emt 0:01:41]} 27. Kf3 {[%emt 0:01:32]} Ke6 {[%emt 0:01:11]} 28. f5+ {[%emt 0:09:47]} Kf7 {[%emt 0:02:12]} 29. g4 {[%emt 0:04:16]} hxg4+ {[%emt 0:04:01]} 30. Kxg4 {[%emt 0:00:05]} g5 {[%emt 0:00:49]} 31. a4 {[%emt 0:04:12]} Bf8 {[%emt 0:00:36]} 32. Nb4 {[%emt 0:00:01]} Nb8 {[%emt 0:02:02]} 33. Nc2 {[%emt 0:00:26]} Nc6 {[%emt 0:00:53]} 34. Bc3 {[%emt 0:05:17]} Be7 {[%emt 0:01:07]} 35. d5 {[%emt 0:02:28]} Nb8 {[%emt 0:03:43]} 36. Bd2 {[%emt 0:01:36]} Bd8 {[%emt 0:01:17]} 37. Be3 {[%emt 0:02:46]} a6 {[%emt 0:02:34]} 38. Na3 {[%emt 0:00:03]} Nd7 {[%emt 0:00:09]} 39. Nc4 {[%emt 0:00:25]} Bc7 {[%emt 0:01:25]} 40. b4 {[%emt 0:00:06]} b6 {[%emt 0:04:39]} 41. a5 {[%emt 0:00:39]} b5 {[%emt 0:01:43]} 42. Nb6 {[%emt 0:01:48]} Nf8 {[%emt 0:01:38]} 43. Kh5 {[%emt 0:01:32]} Bb8 {[%emt 0:05:04]} 44. Nc8 {[%emt 0:00:29]} Nd7 {[%emt 0:02:41]} 45. Kh6 {[%emt 0:00:48]} Bc7 {[%emt 0:01:10]} 46. Ba7 {[%emt 0:00:07]} Nf8 {[%emt 0:01:14]} 47. Bb6 {[%emt 0:01:03]} Bb8 {[%emt 0:01:28]} 48. Bd8 {[%emt 0:00:34]} Nd7 {[%emt 0:00:10]} 49. Be7 {[%emt 0:00:41]} Ke8 {[%emt 0:00:20]} 50. Bxd6 {[%emt 0:01:12]} Kd8 {[%emt 0:01:03]} 51. Bxb8 {[%emt 0:00:16]} Nxb8 {[%emt 0:00:33]} 52. Nb6 {[%emt 0:00:10]} Ke7 {[%emt 0:00:08]} 53. Kg6 {[%emt 0:00:18]} g4 {[%emt 0:00:29]} 54. Kg7 {[%emt 0:00:16]} 1-0

[Event "Eurasia Open Cup 2019"]
[Site "Ekaterinburg"]
[Date "2019.08.03"]
[Round "4.45"]
[White "Semenova, Elena"]
[Black "Grebnev, Aleksey"]
[Result "1-0"]
[WhiteElo "2286"]
[BlackElo "2093"]
[Annotator "NA"]
[PlyCount "109"]
[EventDate "2019.07.31"]
[EventType "swiss"]
[EventCountry "RUS"]
[SourceTitle "playchess.com"]
[Source "ChessBase"]
[SourceQuality "1"]
[TimeControl "5400+30"]

1. e4 {[%emt 0:00:00]} e6 {[%emt 0:00:00]} 2. d4 {[%emt 0:00:00]} d5 {[%emt 0:00:00]} 3. Nd2 {[%emt 0:00:05]} h6 {[%emt 0:00:00]} 4. Ngf3 {[%emt 0:02:26]} Nf6 {[%emt 0:00:00]} 5. Bd3 {[%emt 0:02:15]} c5 {[%emt 0:00:04]} 6. e5 {[%emt 0:00:55]} Nfd7 {[%emt 0:00:11]} 7. c3 {[%emt 0:22:30]} Nc6 {[%emt 0:02:26]} 8. O-O {[%emt 0:03:53]} Qb6 {[%emt 0:01:42]} 9. dxc5 {[%emt 0:01:22]} Qc7 {[%emt 0:01:21]} 10. Nb3 {[%emt 0:03:36]} Nxc5 {[%emt 0:00:15]} 11. Nxc5 {[%emt 0:04:28]} Bxc5 {[%emt 0:00:05]} 12. Bf4 {[%emt 0:01:06]} Bd7 {[%emt 0:00:25]} 13. Bg3 {[%emt 0:02:22]} Be7 {[%emt 0:03:13]} 14. Qe2 {[%emt 0:02:23]} g5 {[%emt 0:02:57]} 15. Nd4 {[%emt 0:03:04]} Nxd4 {[%emt 0:01:25]} 16. cxd4 {[%emt 0:00:05]} Qb6 {[%emt 0:00:31]} 17. Rac1 {[%emt 0:08:17]} h5 {[%emt 0:02:07]} 18. f3 {[%emt 0:03:23]} Qxd4+ {[%emt 0:02:03]} 19. Bf2 {[%emt 0:01:29]} Qb4 {[%emt 0:01:53]} 20. a3 {[%emt 0:05:41]} Qa5 {[%emt 0:00:15]} 21. Rc3 {[%emt 0:00:48]} Qd8 {[%emt 0:03:41]} 22. Rfc1 {[%emt 0:01:13]} Kf8 {[%emt 0:01:28]} 23. b4 {[%emt 0:03:07]} Kg7 {[%emt 0:01:26]} 24. Bc5 {[%emt 0:04:00]} Rc8 {[%emt 0:02:16]} 25. Bxa7 {[%emt 0:08:58]} Rxc3 {[%emt 0:02:38]} 26. Rxc3 {[%emt 0:00:00]} Qa8 {[%emt 0:04:09]} 27. Bc5 {[%emt 0:04:11]} Bd8 {[%emt 0:00:19]} 28. Bb5 {[%emt 0:01:11]} Bxb5 {[%emt 0:01:01]} 29. Qxb5 {[%emt 0:00:00]} Qb8 {[%emt 0:00:43]} 30. Bd4 {[%emt 0:03:04]} Bc7 {[%emt 0:00:05]} 31. Qe2 {[%emt 0:00:48]} Rc8 {[%emt 0:00:23]} 32. Qc2 {[%emt 0:03:58]} Bxe5 {[%emt 0:02:26]} 33. Rxc8 {[%emt 0:00:09]} Bxd4+ {[%emt 0:00:00]} 34. Kh1 {[%emt 0:00:13]} Qe5 {[%emt 0:00:09]} 35. Qd1 {[%emt 0:01:17]} h4 {[%emt 0:00:37]} 36. Rc2 {[%emt 0:00:44]} Kh6 {[%emt 0:01:16]} 37. Qe2 {[%emt 0:00:54]} Be3 {[%emt 0:00:36]} 38. Rc1 {[%emt 0:02:19]} d4 {[%emt 0:02:45]} 39. Rd1 {[%emt 0:00:36]} f5 {[%emt 0:01:13]} 40. a4 {[%emt 0:00:22]} Qc7 {[%emt 0:00:45]} 41. Qa2 {[%emt 0:00:24]} Qd6 {[%emt 0:00:03]} 42. Qb3 {[%emt 0:00:39]} Bf4 {[%emt 0:00:46]} 43. Qd3 {[%emt 0:00:59]} Be5 {[%emt 0:00:18]} 44. Qb5 {[%emt 0:00:58]} h3 {[%emt 0:02:14]} 45. Qc5 {[%emt 0:00:18]} hxg2+ {[%emt 0:00:02]} 46. Kxg2 {[%emt 0:00:03]} Qb8 {[%emt 0:02:01]} 47. Re1 {[%emt 0:00:31]} Bxh2 {[%emt 0:00:49]} 48. Rxe6+ {[%emt 0:00:00]} Kh5 {[%emt 0:02:33]} 49. Qxf5 {[%emt 0:00:27]} Qg3+ {[%emt 0:00:51]} 50. Kf1 {[%emt 0:00:43]} Qg1+ {[%emt 0:00:00]} 51. Ke2 {[%emt 0:00:51]} d3+ {[%emt 0:00:00]} 52. Qxd3 {[%emt 0:00:04]} Kh4 {[%emt 0:00:09]} 53. Rh6+ {[%emt 0:00:00]} Kg3 {[%emt 0:00:00]} 54. Qd6+ {[%emt 0:00:53]} Kg2 {[%emt 0:00:12]} 55. Qxh2+ {[%emt 0:00:26]} 1-0

[Event "Eurasia Open Cup 2019"]
[Site "Ekaterinburg"]
[Date "2019.08.05"]
[Round "5.1"]
[White "Kunin, Vitaly"]
[Black "Khismatullin, Denis"]
[Result "0-1"]
[WhiteElo "2527"]
[BlackElo "2618"]
[Annotator "TA"]
[PlyCount "143"]
[EventDate "2019.07.31"]
[EventType "swiss"]
[EventCountry "RUS"]
[SourceTitle "playchess.com"]
[Source "ChessBase"]
[SourceQuality "1"]

{[%evp 9,143,16,20,18,23,0,0,0,10,9,14,14,11,11,8,10,25,8,4,17,19,3,10,1,12,14,12,0,12,0,0,0,18,25,64,60,66,7,7,0,0,0,0,0,0,0,0,0,0,0,0,-7,-16,-16,0,0,0,0,39,39,43,14,23,0,9,23,56,0,0,0,6,0,163,0,0,0,166,71,74,54,81,64,84,84,233,225,333,290,241,79,231,0,235,58,97,0,0,0,0,0,4,4,4,4,4,4,4,4,4,4,4,4,4,4,4,5,12,0,0,0,0,0,0,0,0,0,0,0,0,0,159,198,29969,10104,5077,4133]} 1. d4 Nf6 2. c4 e6 3. Nc3 Bb4 4. Nf3 Ne4 5. Qc2 f5 6. Bd2 {E21: Nimzo-Indian: 4 Nf3} (6. g3 b6 7. Bg2 Bb7 8. Nd2 Bxc3 9. bxc3 Nd6 10. d5 Na6 11. O-O O-O 12. Ba3 Qf6 13. e4 f4 14. Rab1 {0-1 (44) Carlsen,M (2837)-Ivanchuk,V (2769) Astana 2012}) 6... Nxd2 7. Nxd2 b6 8. e3 {The position is equal.} Bb7 9. Be2 O-O 10. Bf3 Bxf3 $146 ({Predecessor:} 10... Qc8 11. a3 Be7 12. O-O g5 13. e4 g4 {1-0 (23) Vasiljevs,J (2158)-Biessner,E (1961) Solingen 2011}) 11. Nxf3 d6 12. O-O Bxc3 $1 13. Qxc3 Nd7 {[%cal Bb8d7,Bd7f6,Bf6d5,Bd5f4][%mdl 32]} 14. Qc2 g5 15. b4 Qe7 16. c5 g4 17. Nd2 Nf6 18. Rfe1 Rad8 19. cxb6 cxb6 20. Rac1 Rf7 21. e4 fxe4 22. Nxe4 {aiming for Ng5.} Nd5 23. Qd2 ({Better is} 23. g3 $1 $14) 23... Nf4 $1 $11 24. Rc6 d5 25. Ng3 Rdf8 26. Re5 Qh4 27. Rc2 Rf6 28. Qe3 Qh6 29. Qc1 Kh8 30. Re3 Qg6 31. Rc8 h5 32. Rxf8+ Rxf8 33. Ne2 Qf6 (33... Nxe2+ {keeps more tension.} 34. Rxe2 Rf4 35. Qc8+ Kg7 36. Qc7+ Qf7) 34. Nxf4 Qxf4 $14 {[%mdl 4096] Endgame KQR-KQR} 35. Qe1 Rf6 36. Qd2 h4 37. g3 $36 {[%mdl 2048] White has good play.} Qg5 38. Qc2 (38. gxh4 $1 $14 Qf4 39. Qb2) 38... h3 $11 39. Re5 Qg6 40. Qc1 Qf7 $2 (40... Rf7 $11) 41. Re2 ({But not} 41. Qg5 $6 Rg6 $11) 41... Qg6 42. Re5 Qf7 43. Qg5 (43. Rg5 $1 $18 {is more deadly.}) 43... Qg7 $16 44. Qh5+ Rh6 45. Qe8+ Kh7 $1 46. b5 $1 Qc7 (46... Qg6 $16 47. Qxg6+ Rxg6) 47. Qc6 $1 $18 {[%cal Rc6c7]} Qf7 (47... Qxc6 $142 48. bxc6 Kg7) 48. Qc2+ Qg6 {[#]} 49. Qc7+ $2 (49. Qc1 $1 $18 {is the precise move to win.}) 49... Qg7 $2 (49... Kg8 $16 {keeps fighting.} 50. Qb8+ Kh7 51. Qxa7+ Kg8 52. Qb8+ Kg7 53. Qc7+ Kg8) 50. Qc2+ $2 (50. Qc1 $18) 50... Kh8 $2 (50... Qg6 $1 $11 51. Qxg6+ Rxg6) 51. Qd2 $2 (51. Qc1 $18) 51... Qg6 52. Re1 ({White should try} 52. Qc1 $16) 52... Rh7 $11 53. Qf4 {And now Qf8+ would win.} Rf7 54. Qe5+ Kh7 55. Qxe6 Qxe6 56. Rxe6 {KR-KR} Rc7 $1 {[%cal Rc7c1] ( -> ...Rc1+)} 57. Rc6 Re7 $1 {[%cal Re7e1]} 58. Kf1 Re4 $1 59. Rc7+ {[%mdl 64] Double Attack} Kg6 60. Rxa7 Rxd4 61. Rb7 Kf5 62. Rxb6 {next Ke2 is good for White.} Rb4 63. Rb8 {Black must now prevent b6.} Ke4 $1 64. Re8+ Kd4 65. f3 gxf3 66. Kf2 Rb2+ 67. Kxf3 Rxh2 68. a4 {[%cal Ba2a4,Ba4a5][%mdl 32]} Ra2 69. b6 Ra3+ $2 {[#]} (69... h2 $11 70. Rh8 Ke5) 70. Kf2 $1 $16 {Threatens to win with b7.} Ra2+ $2 (70... Ra1 $18 71. Rh8 h2 72. Rxh2 Ra2+ 73. Kg1 Ra1+ 74. Kg2 Ra2+ 75. Kh3 Rxa4) 71. Kg1 Rb2 72. a5 {[%mdl 32768] Accuracy: White = 50%, Black = 58%. . Loss on time!?} 0-1

[Event "Eurasia Open Cup 2019"]
[Site "Ekaterinburg"]
[Date "2019.08.05"]
[Round "5.2"]
[White "Pridorozhni, Aleksei"]
[Black "Drygalov, Sergey"]
[Result "1-0"]
[WhiteElo "2586"]
[BlackElo "2492"]
[Annotator "ChessBase"]
[PlyCount "107"]
[EventDate "2019.07.31"]
[EventType "swiss"]
[EventCountry "RUS"]
[SourceTitle "playchess.com"]
[Source "ChessBase"]
[SourceQuality "1"]
[TimeControl "5400+30"]

1. e4 {[%emt 0:00:00]} c5 {[%emt 0:00:00]} 2. Nf3 {[%emt 0:00:00]} d6 {[%emt 0:00:00]} 3. d4 {[%emt 0:00:00]} cxd4 {[%emt 0:00:00]} 4. Nxd4 {[%emt 0:00:00]} Nf6 {[%emt 0:00:00]} 5. Nc3 {[%emt 0:00:00]} a6 {[%emt 0:00:00]} 6. Be3 {[%emt 0:00:00]} e5 {[%emt 0:01:27]} 7. Nb3 {[%emt 0:00:00]} Be6 {[%emt 0:01:02]} 8. f3 {[%emt 0:00:06]} Be7 {[%emt 0:00:07]} 9. Qd2 {[%emt 0:00:20]} O-O {[%emt 0:01:23]} 10. O-O-O {[%emt 0:00:40]} Nbd7 {[%emt 0:00:00]} 11. g4 {[%emt 0:00:00]} b5 {[%emt 0:00:00]} 12. g5 {[%emt 0:00:17]} Nh5 {[%emt 0:00:00]} 13. Rg1 {[%emt 0:00:26]} Nb6 {[%emt 0:01:42]} 14. Nd5 {[%emt 0:03:15]} Nxd5 {[%emt 0:00:34]} 15. exd5 {[%emt 0:00:07]} Bf5 {[%emt 0:00:03]} 16. Na5 {[%emt 0:00:12]} f6 {[%emt 0:01:20]} 17. Nc6 {[%emt 0:00:47]} Qd7 {[%emt 0:02:05]} 18. h4 {[%emt 0:07:55]} fxg5 {[%emt 0:02:04]} 19. hxg5 {[%emt 0:00:44]} Bg6 {[%emt 0:13:42]} 20. Kb1 {[%emt 0:00:43]} Rae8 {[%emt 0:11:43]} 21. Ka1 {[%emt 0:09:41]} Rxf3 {[%emt 0:12:58]} 22. Be2 {[%emt 0:00:23]} Rg3 {[%emt 0:00:15]} 23. c4 {[%emt 0:00:57]} bxc4 {[%emt 0:16:11]} 24. Bxc4 {[%emt 0:00:28]} Bf8 {[%emt 0:02:52]} 25. Bxa6 {[%emt 0:04:10]} Ra8 {[%emt 0:01:36]} 26. Bc4 {[%emt 0:01:01]} Qh3 {[%emt 0:07:48]} 27. Rde1 {[%emt 0:15:36]} Qh4 {[%emt 0:05:48]} 28. b3 {[%emt 0:04:54]} Rh3 {[%emt 0:01:27]} 29. Bf2 {[%emt 0:05:30]} Qf4 {[%emt 0:02:05]} 30. Be3 {[%emt 0:02:23]} Qh4 {[%emt 0:01:01]} 31. Bf1 {[%emt 0:09:40]} Rh2 {[%emt 0:00:31]} 32. Re2 {[%emt 0:01:50]} Rxe2 {[%emt 0:02:57]} 33. Bxe2 {[%emt 0:00:09]} Qe4 {[%emt 0:05:06]} 34. Bc4 {[%emt 0:08:50]} Ng3 {[%emt 0:01:18]} 35. Bf2 {[%emt 0:03:15]} Nf5 {[%emt 0:02:16]} 36. Kb2 {[%emt 0:00:00]} Qf3 {[%emt 0:02:28]} 37. a4 {[%emt 0:02:19]} e4 {[%emt 0:00:20]} 38. Nd4 {[%emt 0:00:40]} Nxd4 {[%emt 0:00:13]} 39. Bxd4 {[%emt 0:00:00]} Be7 {[%emt 0:01:42]} 40. a5 {[%emt 0:00:09]} e3 {[%emt 0:00:08]} 41. Bxe3 {[%emt 0:01:37]} Bd8 {[%emt 0:01:02]} 42. Rf1 {[%emt 0:00:37]} Qe4 {[%emt 0:00:17]} 43. a6 {[%emt 0:02:41]} Ba5 {[%emt 0:00:05]} 44. Qxa5 {[%emt 0:01:04]} Qxe3 {[%emt 0:01:53]} 45. Qb4 {[%emt 0:00:48]} Bd3 {[%emt 0:00:04]} 46. Qe1 {[%emt 0:00:00]} Qd4+ {[%emt 0:00:42]} 47. Qc3 {[%emt 0:08:05]} Qxc3+ {[%emt 0:01:46]} 48. Kxc3 {[%emt 0:00:06]} Bxc4 {[%emt 0:00:28]} 49. Kxc4 {[%emt 0:00:04]} Rxa6 {[%emt 0:00:05]} 50. Kb5 {[%emt 0:00:30]} Ra2 {[%emt 0:00:03]} 51. Kc6 {[%emt 0:00:26]} Rg2 {[%emt 0:02:14]} 52. b4 {[%emt 0:01:19]} Rxg5 {[%emt 0:00:03]} 53. b5 {[%emt 0:00:00]} Rg2 {[%emt 0:00:04]} 54. Rb1 {[%emt 0:00:00]} 1-0

[Event "Eurasia Open Cup 2019"]
[Site "Ekaterinburg"]
[Date "2019.08.05"]
[Round "5.3"]
[White "Kokarev, Dmitry"]
[Black "Burmakin, Vladimir"]
[Result "1/2-1/2"]
[WhiteElo "2607"]
[BlackElo "2506"]
[Annotator "ChessBase"]
[PlyCount "80"]
[EventDate "2019.07.31"]
[EventType "swiss"]
[EventCountry "RUS"]
[SourceTitle "playchess.com"]
[Source "ChessBase"]
[SourceQuality "1"]
[TimeControl "5400+30"]

1. e4 {[%emt 0:00:00]} c6 {[%emt 0:00:00]} 2. Nc3 {[%emt 0:00:00]} d5 {[%emt 0:00:00]} 3. Nf3 {[%emt 0:00:00]} dxe4 {[%emt 0:06:56]} 4. Nxe4 {[%emt 0:00:00]} Nf6 {[%emt 0:00:04]} 5. Nxf6+ {[%emt 0:00:25]} exf6 {[%emt 0:00:03]} 6. d4 {[%emt 0:00:00]} Bd6 {[%emt 0:00:06]} 7. Bd3 {[%emt 0:00:25]} O-O {[%emt 0:00:07]} 8. O-O {[%emt 0:00:10]} Re8 {[%emt 0:00:27]} 9. Re1 {[%emt 0:02:48]} Rxe1+ {[%emt 0:00:07]} 10. Qxe1 {[%emt 0:00:00]} Nd7 {[%emt 0:00:31]} 11. Be3 {[%emt 0:04:12]} Nf8 {[%emt 0:00:11]} 12. h3 {[%emt 0:03:44]} Be6 {[%emt 0:05:20]} 13. c4 {[%emt 0:01:24]} Qd7 {[%emt 0:00:24]} 14. Bf1 {[%emt 0:00:37]} Bf5 {[%emt 0:08:04]} 15. Qc3 {[%emt 0:05:45]} Rd8 {[%emt 0:06:16]} 16. Rd1 {[%emt 0:03:46]} Bb8 {[%emt 0:02:37]} 17. Qb3 {[%emt 0:30:44]} h5 {[%emt 0:13:33]} 18. d5 {[%emt 0:03:41]} Be4 {[%emt 0:00:52]} 19. Nd2 {[%emt 0:01:10]} Bf5 {[%emt 0:08:37]} 20. dxc6 {[%emt 0:02:08]} bxc6 {[%emt 0:04:42]} 21. Be2 {[%emt 0:00:43]} Qc7 {[%emt 0:04:35]} 22. Nf1 {[%emt 0:00:10]} Rxd1 {[%emt 0:00:06]} 23. Bxd1 {[%emt 0:01:47]} g6 {[%emt 0:00:54]} 24. Qc3 {[%emt 0:05:33]} Nd7 {[%emt 0:00:03]} 25. b4 {[%emt 0:00:41]} Qe5 {[%emt 0:11:02]} 26. Bd4 {[%emt 0:05:14]} Qe4 {[%emt 0:00:00]} 27. Bf3 {[%emt 0:10:12]} Qb1 {[%emt 0:02:35]} 28. Bxc6 {[%emt 0:00:40]} Ne5 {[%emt 0:00:15]} 29. Bd5 {[%emt 0:01:44]} Bd3 {[%emt 0:01:30]} 30. Qa1 {[%emt 0:00:38]} Qxb4 {[%emt 0:00:30]} 31. a3 {[%emt 0:02:10]} Qb3 {[%emt 0:07:46]} 32. Ne3 {[%emt 0:01:02]} Nxc4 {[%emt 0:00:47]} 33. Bxf6 {[%emt 0:00:51]} Bd6 {[%emt 0:08:08]} 34. g3 {[%emt 0:08:34]} Bc5 {[%emt 0:00:00]} 35. Bh8 {[%emt 0:00:51]} Qb1+ {[%emt 0:00:48]} 36. Qxb1 {[%emt 0:00:50]} Bxb1 {[%emt 0:00:02]} 37. Nxc4 {[%emt 0:00:00]} Kxh8 {[%emt 0:00:32]} 38. Bxf7 {[%emt 0:00:00]} Kg7 {[%emt 0:01:08]} 39. Bd5 {[%emt 0:00:46]} Ba2 {[%emt 0:01:16]} 40. a4 {[%emt 0:01:40]} Bxc4 {[%emt 0:01:30]} 1/2-1/2